000 00259nam a22001097a 4500
008 170124b xxu||||| |||| 00| 0 eng d
020 _a9781256410096
041 _aeng
080 _a618.2
245 _aMEDICAL ASSISTING WORKBOOK
_cFRAZIER, M.S
942 _2udc
_cBK
999 _c3456
_d3456